| 000 | 00553nam a22001577a 4500 | ||
|---|---|---|---|
| 008 | 170427b xxu||||| |||| 00| 0 eng d | ||
| 082 |
_22016 _aUT 0783 _bT54 |
||
| 100 |
_920458 _aTizon, Remon M. |
||
| 245 |
_aFire Incidents Profiling of Digos City for the year 2015. _cRemon M. Tizon, Richard S. Pilapil and lester Jim Audan. |
||
| 300 |
_a32 pages; _b29 cm. |
||
| 650 | 0 |
_920459 _aCriminology _xUndergraduate Thesis. |
|
| 700 |
_920461 _aTizon, Remon M. |
||
| 700 |
_920462 _aPilapil, Richard S. |
||
| 700 |
_920463 _aAudan, Lester Jim. |
||
| 942 |
_2ddc _cUT |
||
| 999 |
_c6756 _d6756 |
||